The Positive Power of Criticism : I want to tell you're doing wrong...and now I know how

Bibliographic Details
Main Author: Bradley, Sue
Format: Book
Published: New York : The International Center for Creative Thinking , 1990
Subjects:

MARC

LEADER 00000cam a2200000 7i4500
001 0000002380
002 000002590
005 20000330.0
020 |a T000000260 
090 0 0 |a 152   |b BRI 
100 1 |a Bradley, Sue 
245 1 4 |a The Positive Power of Criticism :   |b I want to tell you're doing wrong...and now I know how   |c Dr.Deborah Bright 
260 |a New York :   |b The International Center for Creative Thinking ,   |c 1990 
300 |a 4 soundcassettes   |e 1 book 
650 0 0 |a Criticism 
999 |a 00145   |b KASET   |c PINJAMAN   |e PERPUSTAKAAN KOMUNITI PETALING JAYA